Biarritz en images - Statistiques

Statistiques générales
  • Ce quiz a été pris 217 fois
  • Le résultat moyen est 8 sur 15
Statistiques - réponses
Par images Hint Réponse % Correct
Sport Surf
98%
Océan Océan Atlantique
93%
Monument Phare de Biarritz
84%
Attraction Casino Barrière Biarritz
78%
Monument Rocher de la Vierge
75%
Personnalité Louis-Napoléon Bonaparte
61%
Monument Hôtel du {Palais}
57%
Musée Le musée de la Mer
56%
Chanteur Daniel Balavoine
55%
Plage Plage {Côte des Basques}
40%
Attraction Cité de l'Océan
39%
Monument Église {Sainte-Eugénie}
34%
Plage Plage M{iramar}
27%
Monument La villa B{elza}
26%
Quartier (en jaune sur la carte) Milady
24%
Aucun quiz correspondant
Distribution des résultats
% des personnes avec chaque résultat
Percentile par nombre de réponses
Votre historique - résultats
Vous n’avez pas pris ce quiz